| 000 | 00641nam a22002177a 4500 | ||
|---|---|---|---|
| 003 | OSt | ||
| 005 | 20170105102939.0 | ||
| 008 | 160421b xxu||||| |||| 00| 0 eng d | ||
| 020 | _a9780195473285 | ||
| 040 | _a0 | ||
| 082 |
_a320.95409045 _bSOU 2006 |
||
| 245 | 0 | 0 |
_aSouth Asia in world politics _bEditor Devin T Hagerty |
| 260 |
_aKarachi _bOxford University Press _c2006. |
||
| 300 |
_axviii, 312 p.; _b map _c24 cm |
||
| 650 | _aSouth Asia -- Foreign relations. | ||
| 650 | _aSouth Asia -- Politics and government. | ||
| 650 | _aDiplomatic relations. | ||
| 650 | _aPolitics and government | ||
| 650 | _aSouth Asia. | ||
| 942 |
_2ddc _cBK |
||
| 999 |
_c16397 _d16397 |
||